Регионална библиотека "Любен Каравелов" - Русе

Видими резултати за Русе (Запис номер 332535)

MARC детайли
000 -Лидер
Контролно поле с фиксирана дължина nam a22 a 4500
003 - Код на организацията, давaща контролен номер
Контролно поле BLK
005 - Дата и час на последна редакция
Контролно поле 20220307094442.0
008 - Елементи от данни с фиксирана дължина
fixed length control field 190709b bu ||||| |||| 00| 0 bu d
040 ## - Източник на каталожния запис
Идентификатор на билиотеката - собственик на записа BLK
041 ## - Код за език
Код за езика на текст/звукозапис или на отделно заглавие Български
Код за езика КДБФ Български
080 ## - УДК
Текстов определител УДК Общинско управление
УДК код - определител по УДК 352.07
УДК определител (497.215)
УДК - код + определител 352.07(497.215)
080 ## - УДК
Текстов определител УДК Граждански контрол. Омбудсман. Контрол за общественото управление. Контрол от страна на самата администрация, от съда, парламента
УДК код - определител по УДК 351.9
УДК определител (497.215)
УДК - код + определител 351.9(497.215)
139 ## - Редно поле
Редна дума Видими резултати за Русе
Авторски знак Вид - В 57
245 ## - Сведения за заглавието
Заглавие Видими резултати за Русе
Подзаглавни данни 2011 - 2015 - 2019
260 ## - Област на издателските данни
Място на издаване, разпространение и проч. Русе
Година на издаване б. г.
300 ## - Физическа характеристика
Страници 72 с.
Илюстрации и др. с ил., сх.
Размери/Мащаб 21Х23 см
380 ## - Жанр
Жанр Обществени науки
650 #0 - Допълнително описание по предмет – тема
9 (RLIN) 244240
Основно описание – тема или топоним Общини - организация и управление
653 #7 - Ключова дума – ненормативна
9 (RLIN) 192657
Ключова дума общински проекти
653 #7 - Ключова дума – ненормативна
9 (RLIN) 182112
Ключова дума благоустройство
653 #7 - Ключова дума – ненормативна
9 (RLIN) 190876
Ключова дума местно управление
653 #7 - Ключова дума – ненормативна
Ключова дума Община Русе
852 ## - Местоположение
Систематично-азбучна сигнатура К 35/В 57
999 ## - СИСТЕМНИ КОНТРОЛНИ НОМЕРА
Koha biblionumber 332535
Koha biblioitemnumber 332535
942 ## - АРТИКУЛИ
Вид на библиотечния материал Книги
Скрит в OPAC Не
Периодичен библиозапис Да
944 ## - СЪЗДАВАНЕ И РЕДАКЦИЯ на ЗАПИСА
Създаване/Редакция Създаване
Дата на регистрацията/редакция 2019-07-09
Служител, извършил регистрацията/редакцията Геновева Генчева
999 ## - СИСТЕМНИ КОНТРОЛНИ НОМЕРА
Koha biblioitemnumber 332535
999 ## - СИСТЕМНИ КОНТРОЛНИ НОМЕРА
Koha biblioitemnumber 332535
Наличности
Код за отписване Код за изгубен артикул Източник на класификационната схема Код за повреда Код за отдаване Артикулен № Име на библиотеката - собственик Име на библиотеката, в която се намира в момента Статус (Текущо местоположение) Дата на вписване в системата Местоположение - отдел Цена в лева Систематично азбучна сигнатура Баркод Цена в евро Служебен тип на артикула
  Не е изгубен Universal Decimal Classification Не е повреден ползва се в читалня 729940 Регионална библиотека "Любен Каравелов" Русе Регионална библиотека "Любен Каравелов" Русе Краезнание 2019-07-11 Краезнание 7.00 К 35/В 57 120000833803 3.58 Книги
Vip Innovations Ltd, Rousse, Bulgaria 2025